Fr. Conceicao Rodrigues College of Engineering

Programming an Assembly Language on the IBM PC (Record no. 18400)

MARC details
000 -LEADER
fixed length control field 00324nam a2200145Ia 4500
082 ## - DEWEY DECIMAL CLASSIFICATION NUMBER
Classification number 5.2
Item number PAN
100 ## - MAIN ENTRY--PERSONAL NAME
Personal name Tropper/ R.H.
245 ## - TITLE STATEMENT
Title Programming an Assembly Language on the IBM PC
260 ## - PUBLICATION, DISTRIBUTION, ETC.
Name of publisher, distributor, etc. Jaico Pub
Place of publication, distribution, etc. Bombay
Date of publication, distribution, etc. 1993
300 ## - PHYSICAL DESCRIPTION
Extent 648
546 ## - LANGUAGE NOTE
Language note ENGLISH
654 ## - SUBJECT ADDED ENTRY--FACETED TOPICAL TERMS
Focus term Computer
942 ## - ADDED ENTRY ELEMENTS (KOHA)
Koha item type BOOK
Holdings
Withdrawn status Lost status Damaged status Not for loan Collection Home library Current library Date acquired Cost, normal purchase price Total Checkouts Full call number Barcode Date last seen Cost, replacement price Price effective from Koha item type
        CRC Fr. Agnel's C.Rodrigues College of Engineering Fr. Agnel's C.Rodrigues College of Engineering 17/03/2023 800.00   5.2 PAN 7216 17/03/2023 800.00 17/03/2023 BOOK